000 00462nam a2200181Ia 4500
001 11437
005 20260306162828.0
008 260306t1983||||xx |||||||||||||| ||spa||
041 _aESP
082 _a985.05
_bB26 T. 10
100 _aBasadre, Jorge (1903-1980)
_eAUT
245 0 _aHistoria de la república del Perú 1822-1933
260 _c1983
300 _a378 páginas : T. 10
_c25 cm.
650 _aGEN
654 _aCHU
942 _cLIB
_dJUS
_fJUS
_2ddc
_n
999 _c11437
_d11437